00329nam a2200121Ia 4500008004100000041000800041082001400049100002100063245004400084260003800128300003200166365000900198240624s9999 xx 000 0 und d aeng a658.4 ROB aROBINSON HERBERT aGOVERNANCE AND KNOWLEDGE MANAGEMENT FOR c2010aNew JerseybWiley-Blackwell axiii, : 247 : p. : cm. ; 25 cb30